000 00544nam a2200169 i 4500
001 99453
003 ES-MaACL
005 20230906182512.0
007 t|
008 050908s1971 sp ||||1| spa d
100 1 _aMartinet, André.
_977704
245 1 3 _aEl lenguaje desde el punto de vista funcional /
_cAndré Martinet; versión española de Mª. Rosa Lafuente de Vicuña.
260 _aMadrid :
_bGredos,
_c1971.
300 _a216 p. ;
_c20 cm.
700 1 _aVicuña de Lafuente, Rosa Mª.
_9114408
852 _aES-MaACL
_jC-39437
_bR.76470
999 _c99453
_d99453